Case news (Record no. 78053)

MARC details
000 -LEADER
fixed length control field 00868cab a2200193 4500
001 - CONTROL NUMBER
control field L135869
008 - FIXED-LENGTH DATA ELEMENTS--GENERAL INFORMATION
fixed length control field 061213n2006 000 0 eng u
035 ## - SYSTEM CONTROL NUMBER
System control number (Sirsi) u135869
041 0# - LANGUAGE CODE
Language code of text/sound track or separate title eng
100 1# - MAIN ENTRY--PERSONAL NAME
Personal name Ross, Jonathan
245 00 - TITLE STATEMENT
Title Case news
Remainder of title Capita Trust Co v Chatham Maritime
260 ## - PUBLICATION, DISTRIBUTION, ETC.
Date of publication, distribution, etc. 2006
490 #0 - SERIES STATEMENT
Series statement Property Week
Volume/sequential designation 71(48) 01 December 2006, 106(1)
520 ## - SUMMARY, ETC.
Summary, etc. Describes a case in which owner of a retail park won a mandatory injunction to force the head lessee to complete a subletting. The lessee had lined up a client to take a space at a shopping centre, but wanted compensation from the owner for not exercising a break clause in 2008 before it would complete the subletting.
590 ## - LOCAL NOTE (RLIN)
Local note KA
651 #4 - SUBJECT ADDED ENTRY--GEOGRAPHIC NAME
Geographic name CHATHAM ISLANDS
690 ## - LOCAL SUBJECT ADDED ENTRY--TOPICAL TERM (OCLC, RLIN)
Topical term or geographic name as entry element PROPERTY-COMMERCIAL PROPERTY-LEASEHOLD COMMERCIAL PROPERTY-COMMERCIAL LANDLORD AND TENANT
942 ## - ADDED ENTRY ELEMENTS (KOHA)
Suppress in OPAC 0
Holdings
Withdrawn status Lost status Source of classification or shelving scheme Damaged status Not for loan Home library Current library Shelving location Date acquired Total Checkouts Full call number Barcode Date last seen Copy number Price effective from Koha item type
    Dewey Decimal Classification     Archives Archives Journal article 13/12/2006   L135869 135869-1001 06/08/2019 1 06/08/2019 Journal article